| 000 | 00511nam a2200193Ia 4500 | ||
|---|---|---|---|
| 008 | 170918s9999 xx 000 0 und d | ||
| 020 | _a9780545241984 | ||
| 050 | _bC683 2010 | ||
| 100 | _aColandro, Lucille | ||
| 245 | _aThere was an old lady who swallowed some leaves! / | ||
| 245 | _cLucille Colandro ; illustrated by Jared Lee. | ||
| 260 | _aNew York : | ||
| 260 | _bScholastic, | ||
| 260 | _c2010 | ||
| 300 | _aunpaged : | ||
| 300 | _bcolored illustration ; | ||
| 300 | _c26cm. | ||
| 500 | _a370 | ||
| 999 |
_c341712 _d341712 |
||